00596nam a2200205 a 4500001001300000003000900013005001700022008004100039020001300080082001600093100002200109245008100131260005500212300000900267500003500276505001000311650003400321650001300355700002200368nice12345678IN_TiNIC20260116013202.0050524s1998 newa grp 000 0 eng  ac1055.700a291.65bHEN aHenderson, John B aConstruction of Orthodoxy and Heresyb Neo-Confucian, Islamic, Jewish, and E aNew YorkbState University of New York Pressc1998 a265p aincludes index and biblioraphy2 aIndex aComparative Religion-Heresies aHeresies1 aHenderson, John B